[Event "Villa Tehuelches Cuarto op"]
[Site "Villa Tehuelches"]
[Date "2018.07.13"]
[Round "6"]
[White "Bordoli, Cristian"]
[Black "Guzman, Ezequiel"]
[Result "0-1"]
[WhiteElo "2040"]
[BlackElo "1833"]
[PlyCount "66"]
[EventDate "2018.07.11"]
[EventType "swiss"]
[EventRounds "7"]
[EventCountry "CHI"]
[SourceTitle "EXT 2020"]
[Source "ChessBase"]
[SourceDate "2019.10.17"]
[SourceVersion "1"]
[SourceVersionDate "2019.10.17"]
[SourceQuality "1"]

1. e4 e6 2. d3 d5 3. Nd2 Nf6 4. g3 c5 5. Bg2 Nc6 6. Ngf3 Be7 7. 0-0 0-0 8. e5 Nd7 9. Re1 f6 10. exf6 Bxf6 11. Bh3 Nde5 12. Nxe5 Bxe5 13. c3 Qf6 14. Qe2 g5 15. Bg4 Kh8 16. Nf3 Bc7 17. Nxg5 e5 18. Bxc8 Raxc8 19. Kg2 Rg8 20. Qf3 Qe7 21. Nf7+ Kg7 22. Ng5 Rcf8 23. Qxd5 Kh8 24. Ne6 Qf7 25. Bh6 Qxf2+ 26. Kh3 Rf6 27. Be3 Qf5+ 28. Kg2 Rxe6 29. Rf1 Qg6 30. Bxc5 e4 31. dxe4 Bxg3 32. Kh1 Bxh2 33. Qd2 Qxe4+ 0-1

[Event "Villa Tehuelches Cuarto op"]
[Site "Villa Tehuelches"]
[Date "2018.07.13"]
[Round "5"]
[White "Della Morte, German"]
[Black "Bordoli, Cristian"]
[Result "1-0"]
[WhiteElo "2364"]
[BlackElo "2040"]
[PlyCount "95"]
[EventDate "2018.07.11"]
[EventType "swiss"]
[EventRounds "7"]
[EventCountry "CHI"]
[SourceTitle "EXT 2019"]
[Source "ChessBase"]
[SourceDate "2018.10.10"]
[SourceVersion "1"]
[SourceVersionDate "2018.10.10"]
[SourceQuality "1"]

1. e4 e5 2. Nf3 Nf6 3. Nxe5 d6 4. Nf3 Nxe4 5. Nc3 Nxc3 6. dxc3 Be7 7. Be3 0-0 8. Qd2 Nc6 9. 0-0-0 Ne5 10. Nd4 d5 11. f4 Ng4 12. Bg1 c6 13. Kb1 Nf6 14. Bd3 Ne4 15. Bxe4 dxe4 16. Qe2 Qd6 17. Be3 Qg6 18. h3 f5 19. g4 fxg4 20. Rhg1 g3 21. Bf2 Bh4 22. Bxg3 Bxg3 23. f5 Bxf5 24. Qe3 Bd6 25. Rxg6 Bxg6 26. h4 Bf4 27. Qe2 Rae8 28. Rg1 Re5 29. Rf1 c5 30. Nb5 Bh6 31. Qc4+ Bf7 32. Rxf7 Rxf7 33. Nd6 Ree7 34. a4 e3 35. Nxf7 Rxf7 36. Qxc5 b6 37. Qc8+ Rf8 38. Qe6+ Rf7 39. a5 bxa5 40. c4 Kf8 41. Qc8+ Ke7 42. Qb7+ Kf6 43. Qf3+ Ke7 44. Qb7+ Kf6 45. Qa6+ Ke7 46. c5 Bf4 47. Qxa5 e2 48. Qe1 1-0

[Event "Villa Tehuelches Cuarto op"]
[Site "Villa Tehuelches"]
[Date "2018.07.11"]
[Round "2"]
[White "Barria Kuscic, Boris"]
[Black "Bordoli, Cristian"]
[Result "0-1"]
[WhiteElo "1656"]
[BlackElo "2040"]
[PlyCount "64"]
[EventDate "2018.07.11"]
[EventType "swiss"]
[EventRounds "7"]
[EventCountry "CHI"]
[SourceTitle "EXT 2019"]
[Source "ChessBase"]
[SourceDate "2018.10.10"]
[SourceVersion "1"]
[SourceVersionDate "2018.10.10"]
[SourceQuality "1"]

1. e4 e5 2. Nf3 Nf6 3. d4 Nxe4 4. dxe5 d5 5. exd6 Nxd6 6. Bd3 Be7 7. 0-0 0-0 8. Bf4 Bg4 9. Nbd2 Nc6 10. c3 Bf6 11. Qc2 g6 12. Rfe1 Qd7 13. Ne4 Bg7 14. Nfd2 Rad8 15. f3 Nxe4 16. Bxe4 Be6 17. Nb3 Qe7 18. Bxc6 bxc6 19. Be3 Qh4 20. Bxa7 Rfe8 21. Bf2 Qc4 22. Rad1 Ra8 23. Nc1 Bf5 24. Rxe8+ Rxe8 25. Qd2 h5 26. Bd4 Rd8 27. b3 Qa6 28. Qb2 c5 29. Bxg7 Rxd1+ 30. Kf2 Qf1+ 31. Kg3 Kxg7 32. Ne2 Qe1+ 0-1

[Event "Punta Arenas op 2nd"]
[Site "Punta Arenas"]
[Date "2018.02.07"]
[Round "3.7"]
[White "Silva Diaz, Sebastian"]
[Black "Bordoli, Cristian"]
[Result "1/2-1/2"]
[WhiteElo "1614"]
[BlackElo "2040"]
[PlyCount "56"]
[EventDate "2018.02.05"]
[EventType "swiss"]
[EventRounds "6"]
[EventCountry "CHI"]
[SourceTitle "EXT 2024"]
[Source "ChessBase"]
[SourceDate "2023.10.10"]
[SourceVersion "1"]
[SourceVersionDate "2023.10.10"]
[SourceQuality "1"]

1. e4 e5 2. Nf3 Nf6 3. Bc4 Nxe4 4. Nc3 Nd6 5. Bb3 Nc6 6. d3 Be7 7. Qe2 0-0 8. Nxe5 Bf6 9. Nxc6 dxc6 10. 0-0 Re8 11. Be3 Be6 12. Qf3 Qd7 13. h3 Bxb3 14. axb3 a6 15. Ra4 Be5 16. Rg4 f5 17. Ra4 Re6 18. Bf4 Rae8 19. Bxe5 Rxe5 20. Rh4 Qe7 21. Qh5 g6 22. Qh6 Re1 23. Rxe1 Qxe1+ 24. Kh2 Re7 25. Qg5 Kg7 26. Ne4 Kf8 27. Qf6+ Nf7 28. Rxh7 Ke8 1/2-1/2

[Event "Villa Tehuelches op"]
[Site "Villa Tehuelches"]
[Date "2017.07.13"]
[Round "5"]
[White "Bordoli, Cristian"]
[Black "Fernandez, Leandro Daniel"]
[Result "1-0"]
[WhiteElo "2055"]
[BlackElo "1625"]
[PlyCount "29"]
[EventDate "2017.07.11"]
[EventType "swiss"]
[EventRounds "7"]
[EventCountry "CHI"]
[SourceTitle "EXT 2018"]
[Source "ChessBase"]
[SourceDate "2017.10.13"]
[SourceVersion "1"]
[SourceVersionDate "2017.10.13"]
[SourceQuality "1"]

1. e4 e6 2. d3 c5 3. g3 b6 4. Bg2 Bb7 5. Nd2 d6 6. Ngf3 Nd7 7. 0-0 Be7 8. Re1 Ngf6 9. Nc4 e5 10. Ne3 Nf8 11. Nf5 Ng6 12. Nxg7+ Kd7 13. Ng5 Qf8 14. Bh3+ Kc7 15. N5e6+ 1-0